• 首页
  • 本馆介绍
  • 公告通知
  • 最新文献
  • 馆藏检索
  • 电子资源
  • 读者导购
  • 参考咨询
  • 我的图书馆
  • 登录
  • 详细信息显示
  • 放入我的书架
  • 预约/预借图书
  • 作者相关作品
  • 分类相关作品
  • 丛书相关作品
  • 出版社相关作品

书目信息

  • 表格格式
  • 工作单格式
  • 卡片格式
题名:
城乡环境污染控制规划
    
 
作者: 席北斗 著
分册:  
出版信息: 北京   科学出版社  2015.09
页数: 509页
开本: 24cm
丛书名:
单 册:
中图分类: X506
科图分类:
主题词: 环境污染--污染控制--城乡规划--研究
电子资源:
ISBN: 978-7-03-045396-9
000 00929nam0 2200229 450
001 3850
005 20181008161956.64
010    @a978-7-03-045396-9@dCNY138.00
100    @a20151126d2015 em y0chiy0110 ea
101 0  @achi
102    @aCN@b110000
105    @ay z 000yy
200 1  @a城乡环境污染控制规划@9cheng xiang huan jing wu ran kong zhi gui hua@f席北斗等著
210    @a北京@c科学出版社@d2015.09
215    @a509页@d24cm
304    @a著者还有:张淑英、任子荣、高如泰等
330    @a本书主要是对工农业生产、交通运输、城市生活等人类活动对环境造成的污染而规定的防治目标和措施,介绍了城乡污染控制规划的概念和主要内容,提出了基于调查评价、趋势预测、功能区划分、目标制定、方案优化、可行性分析和文本编写等系统的城乡污染控制编制的程序和方法。
606 0  @a环境污染@x污染控制@x城乡规划@x研究
690    @aX506@v5
701  0 @a席北斗@9xi bei dou@f(1969-)@4著
801  0 @aCN@b91MARC@c20151126
905    @aMuseLib@dX506@e185
    
    城乡环境污染控制规划/席北斗等著.-北京:科学出版社,2015.09
    509页;24cm
    
    
    ISBN 978-7-03-045396-9:CNY138.00
    本书主要是对工农业生产、交通运输、城市生活等人类活动对环境造成的污染而规定的防治目标和措施,介绍了城乡污染控制规划的概念和主要内容,提出了基于调查评价、趋势预测、功能区划分、目标制定、方案优化、可行性分析和文本编写等系统的城乡污染控制编制的程序和方法。
●
相关链接 在E读中查询图书 在五车中查询图书 在当当中查询图书 在豆瓣中查询图书


正题名:城乡环境污染控制规划     索取号:X506/185         预约/预借

序号 登录号 条形码 馆藏地/架位号 状态 备注
1 1123940   211239408   第二样本阅览室/ [索取号:X506/185] 在馆    
2 1123941   211239417   密集书库-资源管理系/ [索取号:X506/185] 在馆    
3 1123942   211239426   第三借阅区/ [索取号:X506/185] 在馆    
唐山师范学院图书馆 欢迎您!
大连网信软件有限公司© 版权所有